Kabita aru napathya (Record no. 3702)
[ view plain ]
| 000 -LEADER | |
|---|---|
| fixed length control field | 00458cam a2200181ua 4500 |
| 008 - FIXED-LENGTH DATA ELEMENTS--GENERAL INFORMATION | |
| fixed length control field | 111207n ii |||gr||||Z||||||asm |
| 040 ## - CATALOGING SOURCE | |
| Transcribing agency | MAIN |
| 082 ## - DEWEY DECIMAL CLASSIFICATION NUMBER | |
| Classification number | 891.4511 |
| 100 1# - MAIN ENTRY--PERSONAL NAME | |
| Personal name | Bhattacharyya, Nalinidhar, |
| 245 11 - TITLE STATEMENT | |
| Title | Kabita aru napathya |
| Statement of responsibility, etc. | by Nalinidhar Bhattacharyya |
| 250 ## - EDITION STATEMENT | |
| Edition statement | 1st. |
| 260 ## - PUBLICATION, DISTRIBUTION, ETC. | |
| Place of publication, distribution, etc. | Guwahati: |
| Name of publisher, distributor, etc. | Chetana Prakash,996. |
| 300 ## - PHYSICAL DESCRIPTION | |
| Extent | 155p: |
| Dimensions | 23cm. |
| 942 ## - ADDED ENTRY ELEMENTS (KOHA) | |
| Koha item type | Books |
| 653 ## - INDEX TERM--UNCONTROLLED | |
| Uncontrolled term | Assamese poem |
| 653 ## - INDEX TERM--UNCONTROLLED | |
| Uncontrolled term | Kabita aru napathya |
| Withdrawn status | Lost status | Damaged status | Not for loan | Home library | Current library | Shelving location | Date acquired | Total Checkouts | Full call number | Barcode | Date last seen | Copy number | Price effective from | Koha item type | Date last checked out |
|---|---|---|---|---|---|---|---|---|---|---|---|---|---|---|---|
| Central Library, Naharkatiya College | Central Library, Naharkatiya College | General Stacks | 19/09/2020 | 891.4511 | BHA | 10763 | 19/09/2020 | 2 | 19/09/2020 | Books | ||||||
| Central Library, Naharkatiya College | Central Library, Naharkatiya College | General Stacks | 19/09/2020 | 1 | 891.4511 | BHA | 10857 | 28/01/2022 | 1 | 19/09/2020 | Books | 25/01/2022 |
